| 000 | 00452cam a2200169ua 4500 | ||
|---|---|---|---|
| 003 | OSt | ||
| 008 | 250820b |||||||| |||| 00| 0 eng d | ||
| 020 | _a0 412 22550 6 | ||
| 041 | _aeng | ||
| 082 |
_a627.8 _bLEL/DA |
||
| 100 |
_aLeliavsky, Serge . _96525 |
||
| 245 | _aDams : design text books in civil engineering, Vol 6 / | ||
| 250 | _a1 / | ||
| 260 |
_aNew Delhi : _bOxford & IBH Publishing company , _c1981. |
||
| 300 | _a282 ; . | ||
| 942 | _cBK | ||
| 999 |
_c1805 _d1805 |
||